Applied radiological anatomy for medical students / (رقم التسجيلة. 22237)
[ عرض عادي ]
| 000 -الفاتح | |
|---|---|
| حقل البيانات ثابتة الطول | 02079cam a22004457a 4500 |
| 001 - رقم الضبط | |
| رقم الضبط | 15166240 |
| 003 - محدد رقم الضبط | |
| رقم الضبط | OSt |
| 005 - وقت وتاريخ اخر تعامل مع التسجيلة | |
| رقم الضبط | 20180904161346.0 |
| 008 - عناصر البيانات ثابتة الطول - معلومات عامة | |
| حقل البيانات ثابتة الطول | 080204s2007 enka b 001 0 eng |
| 010 ## - رقم ضبط مكتبة الكونجرس | |
| رقم ضبط مكتبة الكونجرس | 2008295904 |
| 015 ## - رقم الببليوجرافية الوطنية | |
| رقم الببليوجرافية الوطنية | GBA726043 |
| المصدر | bnb |
| 016 7# - رقم ضبط الوكاله الوطنية للضبط الببليوجرافي | |
| رقم ضبط التسجيلة | 013708980 |
| المصدر | Uk |
| 020 ## - الرقم الدولى المعيارى للكتب | |
| الرقم الدولى المعيارى للكتاب | 9780521819398 (pbk.) |
| 020 ## - الرقم الدولى المعيارى للكتب | |
| الرقم الدولى المعيارى للكتاب | 0521819393 (pbk.) |
| 035 ## - رقم ضبط النظام | |
| رقم ضبط النظام | (OCoLC)ocn123113771 |
| 040 ## - مصدر الفهرسة | |
| وكالة الفهرسة الأصلية | UKM |
| وكالة النسخ | UKM |
| وكالة التعديل | BAKER |
| -- | BTCTA |
| -- | BWKUK |
| -- | YDXCP |
| -- | VAM |
| -- | DLC |
| 042 ## - رمز التحقق | |
| رمز التحقق | ukblcatcopy |
| -- | lccopycat |
| 050 00 - رقم طلب مكتبة الكونجرس | |
| رقم التصنيف | RC78.2 |
| رقم المادة | .A66 2007 |
| 082 04 - رقم تصنيف ديوى العشرى | |
| رقم التصنيف | 611.0022 |
| رقم الطبعة | 22 |
| رقم المادة | APR |
| 245 00 - بيان العنوان | |
| العنوان | Applied radiological anatomy for medical students / |
| بيان المسئوليه,etc | Paul Butler, Adam Mitchell, Harold Ellis. |
| 260 ## - PUBLICATION, DISTRIBUTION, ETC. (IMPRINT) | |
| مكان الناشر او الموزع | Cambridge : |
| اسم الناشر او الموزع | Cambridge University Press, |
| تاريخ النشر أو التوزيع | 2007. |
| 300 ## - الوصف المادى | |
| التعداد | 164 p. : |
| تفاصيل ماديه اخرى للوعاء | ill. (some col.) ; |
| أبعاد الوعاء | 28 cm. |
| 504 ## - تبصرة ببليوجرافية | |
| تبصرة ببليوجرافية,الخ | Includes bibliographical references and index. |
| 505 0# - تبصرة محتويات-الفهرس | |
| تبصرة المحتويات المصاغة | An introduction to the technology of imaging -- How to interpret an image -- The chest wall and ribs -- The breast -- The abdomen -- The renal tract, retroperitoneum and pelvis -- The skull and brain -- The eye -- The ear -- The extracranial head and neck -- The vertebral column and spinal cord -- The upper limb -- The lower limb -- Obstetric imaging -- Pediatric imaging. |
| 650 #0 - المدخل الاضافى بالموضوع-مصطلح موضوعى | |
| مصطلح موضوعي أو اسم جغرافي كعنصر مدخل | Human anatomy |
| التقسيم الفرعي الشكلي | Atlases. |
| 9 (RLIN) | 10617 |
| 650 #0 - المدخل الاضافى بالموضوع-مصطلح موضوعى | |
| مصطلح موضوعي أو اسم جغرافي كعنصر مدخل | Radiology, Medical. |
| 9 (RLIN) | 64799 |
| 650 #0 - المدخل الاضافى بالموضوع-مصطلح موضوعى | |
| مصطلح موضوعي أو اسم جغرافي كعنصر مدخل | Diagnostic imaging. |
| 9 (RLIN) | 64800 |
| 650 #2 - المدخل الاضافى بالموضوع-مصطلح موضوعى | |
| مصطلح موضوعي أو اسم جغرافي كعنصر مدخل | Diagnostic Imaging |
| 9 (RLIN) | 64801 |
| 650 #2 - المدخل الاضافى بالموضوع-مصطلح موضوعى | |
| مصطلح موضوعي أو اسم جغرافي كعنصر مدخل | Education, Medical |
| 9 (RLIN) | 13923 |
| 650 #2 - المدخل الاضافى بالموضوع-مصطلح موضوعى | |
| مصطلح موضوعي أو اسم جغرافي كعنصر مدخل | Anatomy |
| التقسيم الفرعي الشكلي | Atlases |
| 9 (RLIN) | 64802 |
| 655 #2 - مصطلح تكشيفى-نوع/شكل | |
| بيانات النوع/ الشكل أو المصطلح الأساسي | Atlases |
| 9 (RLIN) | 13924 |
| 700 1# - المدخل الاضافى - اسم شخصى | |
| الإسم الشخصى | Butler, Paul, |
| التواريخ المصاحبة للاسم | 1952 June 4- |
| 9 (RLIN) | 13925 |
| 700 1# - المدخل الاضافى - اسم شخصى | |
| الإسم الشخصى | Mitchell, Adam W. M. |
| 9 (RLIN) | 13926 |
| 700 1# - المدخل الاضافى - اسم شخصى | |
| الإسم الشخصى | Ellis, Harold, |
| التواريخ المصاحبة للاسم | 1926- |
| 9 (RLIN) | 13927 |
| 856 42 - الوصول و الموقع الالكترونى | |
| مواد محددة | Contributor biographical information |
| معرف المصدر الموحد | <a href="http://www.loc.gov/catdir/enhancements/fy0810/2008295904-b.html">http://www.loc.gov/catdir/enhancements/fy0810/2008295904-b.html</a> |
| 856 42 - الوصول و الموقع الالكترونى | |
| مواد محددة | Publisher description |
| معرف المصدر الموحد | <a href="http://www.loc.gov/catdir/enhancements/fy0810/2008295904-d.html">http://www.loc.gov/catdir/enhancements/fy0810/2008295904-d.html</a> |
| 856 41 - الوصول و الموقع الالكترونى | |
| مواد محددة | Table of contents only |
| معرف المصدر الموحد | <a href="http://www.loc.gov/catdir/enhancements/fy0810/2008295904-t.html">http://www.loc.gov/catdir/enhancements/fy0810/2008295904-t.html</a> |
| 942 ## - عناصر المدخل الإضافي( كوها) | |
| مصدر التصنيف او مخطط الترفيف | Dewey Decimal Classification |
| Koha [default] item type | كتاب |
| حالة الفقد | نموذج السعر الفعال | حالة تلف | ليس للاعارة | رقم الطلب | تاريخ الاكتساب | الموقع الحالي | الباركود | الفرع الرئيسي | Date last seen | نوع المادة فى نظام كوها | مصدر التصنيف او خطة الترفيف | Total Checkouts | Date last checked out |
|---|---|---|---|---|---|---|---|---|---|---|---|---|---|
| 2018-09-04 | 611.0022 APR | 2018-09-04 | المكتبة المركزية بالمجمعة (CL) | 00657620 | المكتبة المركزية بالمجمعة (CL) | 2018-09-04 | كتاب | Dewey Decimal Classification | |||||
| 2018-09-04 | 611.0022 APR | 2018-09-04 | المكتبة المركزية بالمجمعة (CL) | 00657621 | المكتبة المركزية بالمجمعة (CL) | 2018-09-04 | كتاب | Dewey Decimal Classification | |||||
| 2018-09-04 | 611.0022 APR | 2018-09-04 | المكتبة المركزية بالمجمعة (CL) | 00657622 | المكتبة المركزية بالمجمعة (CL) | 2018-09-04 | كتاب | Dewey Decimal Classification | |||||
| 2013-03-10 | 611.0022 A P R | 2012-05-13 | مكتبة كلية العلوم الطبية التطبيقية بالمجمعة - طالبات (AMF) | 00087350 | مكتبة كلية العلوم الطبية التطبيقية بالمجمعة - طالبات (AMF) | 2013-03-10 | كتاب | Dewey Decimal Classification | |||||
| 2013-03-10 | 611.0022 A P R | 2012-05-13 | مكتبة كلية العلوم الطبية التطبيقية بالمجمعة - طالبات (AMF) | 00087351 | مكتبة كلية العلوم الطبية التطبيقية بالمجمعة - طالبات (AMF) | 2013-03-10 | كتاب | Dewey Decimal Classification | |||||
| 2013-03-10 | 611.0022 A P R | 2012-05-13 | مكتبة كلية العلوم الطبية التطبيقية بالمجمعة - طالبات (AMF) | 00087352 | مكتبة كلية العلوم الطبية التطبيقية بالمجمعة - طالبات (AMF) | 2013-03-10 | كتاب | Dewey Decimal Classification | |||||
| 2013-03-10 | 611.0022 A P R | 2012-05-13 | مكتبة كلية العلوم الطبية التطبيقية بالمجمعة - طالبات (AMF) | 00087353 | مكتبة كلية العلوم الطبية التطبيقية بالمجمعة - طالبات (AMF) | 2024-10-14 | كتاب | Dewey Decimal Classification | 2 | 2024-10-14 |
